Saint Paul's epistles to the Colossians and to Philemon : [commentary] : (Record no. 595)
[ view plain ]
| 000 -LEADER | |
|---|---|
| fixed length control field | 01061cam a2200289Ia 4500 |
| 001 - CONTROL NUMBER | |
| control field | 20977 |
| 003 - CONTROL NUMBER IDENTIFIER | |
| control field | GBCCL |
| 005 - DATE AND TIME OF LATEST TRANSACTION | |
| control field | 20241126110341.0 |
| 008 - FIXED-LENGTH DATA ELEMENTS--GENERAL INFORMATION | |
| fixed length control field | 870415r19591879miu 000 0 eng d |
| 020 ## - INTERNATIONAL STANDARD BOOK NUMBER | |
| International Standard Book Number | 0310276306 |
| 035 ## - SYSTEM CONTROL NUMBER | |
| System control number | (OCoLC)15536562 |
| 040 ## - CATALOGING SOURCE | |
| Original cataloging agency | UMC |
| Transcribing agency | UMC |
| 041 0# - | |
| -- | enggre |
| 049 ## - | |
| -- | LBBK |
| -- | 1-3 |
| -- | LBBT |
| -- | LBBC |
| 082 ## - DEWEY DECIMAL CLASSIFICATION NUMBER | |
| Classification number | 227.707 |
| Item number | LIG |
| 100 1# - MAIN ENTRY--PERSONAL NAME | |
| Personal name | Lightfoot, Joseph Barber, |
| Dates associated with a name | 1828-1889. |
| 245 10 - TITLE STATEMENT | |
| Title | Saint Paul's epistles to the Colossians and to Philemon : [commentary] : |
| Remainder of title | a revised text with introductions, notes and dissertations / |
| Statement of responsibility, etc. | J.B. Lightfoot. |
| 260 ## - PUBLICATION, DISTRIBUTION, ETC. | |
| Place of publication, distribution, etc. | Grand Rapids, Mich. : |
| Name of publisher, distributor, etc. | Zondervan Pub. House, |
| Date of publication, distribution, etc. | 1976, c1959. |
| 300 ## - PHYSICAL DESCRIPTION | |
| Extent | viii, 430 p. ; |
| Dimensions | 23 cm. |
| 440 #4 - SERIES STATEMENT/ADDED ENTRY--TITLE | |
| Title | The Zondervan commentary series |
| 500 ## - GENERAL NOTE | |
| General note | Reprint. Originally published: Rev. ed. New York? : Macmillan, 1879. |
| 630 00 - SUBJECT ADDED ENTRY--UNIFORM TITLE | |
| Uniform title | Bible. |
| Name of part/section of a work | N.T. |
| -- | Colossians |
| General subdivision | Commentaries. |
| 630 00 - SUBJECT ADDED ENTRY--UNIFORM TITLE | |
| Uniform title | Bible. |
| Name of part/section of a work | N.T. |
| -- | Philemon |
| General subdivision | Commentaries. |
| 630 00 - SUBJECT ADDED ENTRY--UNIFORM TITLE | |
| Uniform title | Bible. |
| Name of part/section of a work | N.T. |
| -- | Colossians. |
| Language of a work | Greek. |
| Date of a work | 1959. |
| 630 00 - SUBJECT ADDED ENTRY--UNIFORM TITLE | |
| Uniform title | Bible. |
| Name of part/section of a work | N.T. |
| -- | Philemon. |
| Language of a work | Greek. |
| Date of a work | 1959. |
| 942 ## - ADDED ENTRY ELEMENTS (KOHA) | |
| Source of classification or shelving scheme | Dewey Decimal Classification |
| Koha item type | Books |
| Koha issues (borrowed), all copies | 1 |
| Withdrawn status | Lost status | Source of classification or shelving scheme | Damaged status | Not for loan | Home library | Current Library | Shelving location | Date acquired | Total checkouts | Full call number | Barcode | Date last seen | Date last checked out | Copy number | Price effective from | Koha item type |
|---|---|---|---|---|---|---|---|---|---|---|---|---|---|---|---|---|
| Dewey Decimal Classification | GRACE BIBLE COLLEGE | GRACE BIBLE COLLEGE | Biblical Studies | 2016-11-22 | 1 | 227.707 LIG | 000222 | 2025-05-01 | 2020-02-28 | c.1 | 2016-11-22 | Books |